[Event "ENG-ch Schools"]
[Site "Nottingham"]
[Date "2025.06.26"]
[Round "5.1"]
[White "Zheng, Harry Z"]
[Black "Buanne, Luca"]
[Result "0-1"]
[WhiteElo "2267"]
[BlackElo "2229"]
[PlyCount "170"]
[EventDate "2025.06.25"]
[EventType "team-swiss"]
[EventRounds "6"]
[EventCountry "ENG"]
[SourceTitle "CB27_2025"]
[SourceDate "2025.07.02"]
[SourceVersion "1"]
[SourceVersionDate "2025.07.02"]
[SourceQuality "1"]
[WhiteTeam "Westminster"]
[BlackTeam "King's College"]
[WhiteTeamCountry "ENG"]
[BlackTeamCountry "ENG"]

1. e4 c5 2. Nf3 d6 3. d4 cxd4 4. Nxd4 Nf6 5. Nc3 a6 6. Qd3 e5 7. Nf5 Bxf5 8. exf5 Be7 9. Bg5 Nbd7 10. Qf3 Qb6 11. 0-0-0 Qc6 12. Be2 h6 13. Be3 0-0 14. g4 Rfc8 15. h4 d5 16. g5 Ne4 17. Bd2 Nxc3 18. Bxc3 hxg5 19. Qxd5 Qxd5 20. Rxd5 Nb6 21. Rdd1 gxh4 22. Bxe5 Nc4 23. Bxc4 Rxc4 24. Rdg1 f6 25. Bc3 Rf4 26. Rg2 Kf7 27. Bd2 Rxf5 28. Rxh4 Rd8 29. Rh7 Bf8 30. c3 Rfd5 31. Be3 Rd1+ 32. Kc2 R1d5 33. Rg4 b5 34. a4 Kg8 35. Rh2 Kf7 36. Rh7 Kg8 37. Rh1 Kf7 38. Ra1 R8d7 39. b4 f5 40. Rh4 Be7 41. Rh8 Bf6 42. axb5 axb5 43. Ra5 Rc7 44. Bc5 Rb7 45. Rha8 Be7 46. Be3 Rdd7 47. Rh8 Rdc7 48. Kb3 Rd7 49. Rh5 Kg6 50. Rh1 Rd3 51. Kc2 Rdd7 52. Ra6+ Kf7 53. Rh7 Bf6 54. Rh5 Rd5 55. Rc6 Kg6 56. Rh1 Kf7 57. Ra1 g5 58. Rh1 Kg6 59. Rg1 g4 60. Rh1 Kg7 61. Rh6 Rf7 62. Rh1 Kg6 63. Bc5 f4 64. Rg1 Kf5 65. Rb6 Be7 66. Rb7 Re5 67. Rh1 Kg5 68. Rg1 Kf5 69. Rd1 Ke6 70. Rb6+ Kf5 71. Rd7 Rh7 72. Rbb7 Bxc5 73. Rxh7 Bxf2 74. Rh5+ Ke4 75. Rxe5+ Kxe5 76. Rxb5+ Ke4 77. Rg5 g3 78. c4 f3 79. c5 Kf4 80. Rg7 g2 81. c6 Bb6 82. Kd3 f2 83. Rf7+ Kg3 84. Rg7+ Kh2 85. Rh7+ Kg1 0-1

[Event "ENG-ch Schools"]
[Site "Nottingham"]
[Date "2025.06.25"]
[Round "3.1"]
[White "Zheng, Harry Z"]
[Black "Kovalskyi, Roman"]
[Result "1/2-1/2"]
[WhiteElo "2267"]
[BlackElo "2235"]
[PlyCount "106"]
[EventDate "2025.06.25"]
[EventType "team-swiss"]
[EventRounds "6"]
[EventCountry "ENG"]
[SourceTitle "CB27_2025"]
[SourceDate "2025.07.02"]
[SourceVersion "1"]
[SourceVersionDate "2025.07.02"]
[SourceQuality "1"]
[WhiteTeam "Westminster"]
[BlackTeam "University College"]
[WhiteTeamCountry "ENG"]
[BlackTeamCountry "ENG"]

1. e4 c5 2. Nf3 g6 3. d4 cxd4 4. Nxd4 Nc6 5. c4 Nf6 6. Nc3 d6 7. Be2 Nxd4 8. Qxd4 Bg7 9. Be3 0-0 10. Qd2 a5 11. 0-0 a4 12. Rad1 Qa5 13. Bd4 Bd7 14. Bxf6 Bxf6 15. Nd5 Qxd2 16. Rxd2 Kg7 17. c5 Bc6 18. Nxf6 Kxf6 19. cxd6 Bxe4 20. Bb5 e6 21. Rd4 Bd5 22. Bxa4 Bxa2 23. b3 b5 24. Bxb5 Bxb3 25. Bc6 Ra6 26. d7 Rd8 27. Rc1 Ra7 28. g3 Ke7 29. Re1 Rc7 30. Bb5 Rc5 31. Rb4 Rb8 32. Rxb3 Rcxb5 33. Rd3 Rd8 34. Ra1 Rb7 35. h4 Rbxd7 36. Rxd7+ Rxd7 37. Ra5 f5 38. Kg2 Kf6 39. f4 h6 40. Ra6 Rd2+ 41. Kf3 Rd3+ 42. Kf2 Rd4 43. Kf3 Re4 44. Ra7 g5 45. h5 e5 46. Ra6+ Kg7 47. Ra7+ Kf8 48. Ra8+ Kf7 49. Ra7+ Ke6 50. Ra6+ Kd5 51. Ra5+ Ke6 52. Ra6+ Kd5 53. Ra5+ Ke6 1/2-1/2

[Event "Norway Chess op-A"]
[Site "Stavanger"]
[Date "2025.05.27"]
[Round "5"]
[White "Lie, Kjetil A"]
[Black "Zheng, Harry Z"]
[Result "1-0"]
[WhiteElo "2493"]
[BlackElo "2149"]
[PlyCount "129"]
[EventDate "2025.05.27"]
[EventType "swiss"]
[EventRounds "9"]
[EventCountry "NOR"]
[SourceTitle "CB23_2025"]
[SourceDate "2025.06.04"]
[SourceVersion "1"]
[SourceVersionDate "2025.06.04"]
[SourceQuality "1"]

1. d4 Nf6 2. Bf4 d5 3. e3 e6 4. Nf3 Bd6 5. Nbd2 c5 6. dxc5 Bxc5 7. Bd3 Nc6 8. 0-0 0-0 9. e4 h6 10. h3 Nb4 11. e5 Nxd3 12. cxd3 Nh7 13. Nb3 Be7 14. Rc1 Bd7 15. Nfd4 Ba4 16. Be3 Qd7 17. Qg4 Kh8 18. Nc5 Bxc5 19. Rxc5 Rfc8 20. Rfc1 Rxc5 21. Rxc5 b6 22. Rc3 Nf8 23. b3 Bb5 24. Nxb5 Qxb5 25. Rc7 Qe8 26. Qb4 Ng6 27. f4 Kg8 28. g3 h5 29. h4 Qd8 30. Qd6 Qe8 31. a4 Rd8 32. Qb4 Ra8 33. Qb5 Qxb5 34. axb5 a6 35. bxa6 Rxa6 36. Rb7 Ra2 37. Rxb6 Ne7 38. b4 Ra3 39. Bf2 Rxd3 40. Rb8+ Kh7 41. Rb7 Nf5 42. Rxf7 Nxg3 43. b5 Ne4 44. Ba7 Rb3 45. b6 Nc5 46. Rc7 Na6 47. Rc6 d4 48. b7 d3 49. Kf2 Rxb7 50. Rxa6 Kg6 51. Rxe6+ Kf5 52. Ra6 Kxf4 53. e6 Rb2+ 54. Ke1 Re2+ 55. Kd1 Kf5 56. Bc5 Rxe6 57. Rxe6 Kxe6 58. Be3 Kf5 59. Kd2 Ke4 60. Bg5 Kd4 61. Bf4 Ke4 62. Be3 Kf5 63. Kxd3 Kg6 64. Ke4 Kh7 65. Kf5 1-0

[Event "Norway Chess op-A"]
[Site "Stavanger"]
[Date "2025.05.27"]
[Round "2"]
[White "Zheng, Harry Z"]
[Black "Amundsen, Ask"]
[Result "1-0"]
[WhiteElo "2149"]
[BlackElo "2009"]
[PlyCount "87"]
[EventDate "2025.05.27"]
[EventType "swiss"]
[EventRounds "9"]
[EventCountry "NOR"]
[SourceTitle "CB23_2025"]
[SourceDate "2025.06.04"]
[SourceVersion "1"]
[SourceVersionDate "2025.06.04"]
[SourceQuality "1"]

1. e4 d6 2. d4 Nf6 3. Nc3 e5 4. Nf3 Nbd7 5. Bc4 Be7 6. 0-0 0-0 7. h3 exd4 8. Nxd4 Nc5 9. Re1 c6 10. Bf1 d5 11. exd5 cxd5 12. Bf4 a6 13. g3 Nfe4 14. Qf3 Nxc3 15. Qxc3 Ne4 16. Qc7 Qxc7 17. Bxc7 Bf6 18. c3 Bxd4 19. cxd4 Ng5 20. Bg2 Nxh3+ 21. Kf1 Bd7 22. Bxd5 Ng5 23. Bd6 Bh3+ 24. Kg1 Rad8 25. Bxf8 Rxd5 26. Re8 Nf3+ 27. Kh1 f6 28. Bc5+ Kf7 29. Re3 Rf5 30. Rc1 g5 31. Bb6 g4 32. Rc5 Nxd4 33. Rc7+ Kg6 34. Bxd4 Rxf2 35. Rc1 h5 36. Rce1 h4 37. gxh4 Rd2 38. Bc3 Rf2 39. R1e2 Rf1+ 40. Kh2 Kh5 41. Be1 f5 42. Rf2 Rxe1 43. Rxe1 Kxh4 44. Re3 1-0

[Event "Isle of Wight op"]
[Site "Ryde"]
[Date "2025.02.18"]
[Round "1"]
[White "Zheng, Harry Z"]
[Black "Sivanesan, Subramanian"]
[Result "1-0"]
[WhiteElo "2198"]
[BlackElo "1894"]
[PlyCount "109"]
[EventDate "2025.02.18"]
[EventType "swiss"]
[EventRounds "9"]
[EventCountry "ENG"]
[SourceTitle "CB09_2025"]
[SourceDate "2025.02.27"]
[SourceVersion "1"]
[SourceVersionDate "2025.02.27"]
[SourceQuality "1"]

1. e4 c5 2. Nf3 Nc6 3. d4 cxd4 4. Nxd4 Nf6 5. Nc3 e5 6. Ndb5 d6 7. Bg5 a6 8. Na3 b5 9. Nd5 Be7 10. Bxf6 Bxf6 11. c4 b4 12. Nc2 a5 13. g3 g6 14. Nxf6+ Qxf6 15. Bg2 0-0 16. 0-0 h5 17. Qd5 Bb7 18. Qd3 Nb8 19. Rad1 Ra6 20. f4 Nd7 21. Qe2 Qg7 22. Ne3 Nc5 23. Nd5 Bxd5 24. Rxd5 Rc6 25. Rfd1 Qf6 26. Qd2 Ne6 27. Rf1 exf4 28. gxf4 Rxc4 29. f5 Nc7 30. Rxd6 Qg7 31. f6 Qh7 32. e5 Rg4 33. h3 Rc4 34. Rd7 Ne6 35. Bd5 Rd4 36. Qe3 Rxd5 37. Rxd5 g5 38. Rd6 Nf4 39. e6 fxe6 40. Qe5 Qf5 41. Qxf5 exf5 42. h4 Kf7 43. hxg5 Nh3+ 44. Kh2 Nxg5 45. Rxf5 Ne4 46. Rb6 Rd8 47. Rxa5 Rd2+ 48. Kh3 Rd3+ 49. Kh4 Nxf6 50. Rf5 Rd4+ 51. Kh3 Rd3+ 52. Kg2 Rd2+ 53. Kf3 Rxb2 54. Rfxf6+ Ke7 55. Rh6 1-0

[Event "Krakow op-A 35th"]
[Site "Krakow"]
[Date "2025.01.04"]
[Round "9"]
[White "Zheng, Harry Z"]
[Black "Santagati, Alessandro"]
[Result "1-0"]
[WhiteElo "2248"]
[BlackElo "2159"]
[PlyCount "71"]
[EventDate "2024.12.27"]
[EventType "swiss"]
[EventRounds "9"]
[EventCountry "POL"]
[SourceTitle "CB02_2025"]
[SourceDate "2025.01.08"]
[SourceVersion "1"]
[SourceVersionDate "2025.01.08"]
[SourceQuality "1"]

1. e4 c6 2. d4 d5 3. e5 c5 4. dxc5 e6 5. a3 Bxc5 6. b4 Be7 7. Nf3 Nd7 8. Bb2 a5 9. b5 f6 10. Bd3 Nh6 11. Qe2 Nc5 12. Nbd2 Nf7 13. c4 0-0 14. Bc2 fxe5 15. Nxe5 d4 16. 0-0 Bf6 17. Nxf7 Rxf7 18. Qh5 d3 19. Bxf6 Qxf6 20. Qxc5 dxc2 21. Nf3 b6 22. Qh5 Bb7 23. Ng5 g6 24. Qg4 Re7 25. Rac1 h5 26. Qg3 Qf5 27. Nf3 Bxf3 28. Qxf3 Qxf3 29. gxf3 Rf8 30. Kg2 Ref7 31. Rxc2 Rxf3 32. Re1 R8f6 33. c5 bxc5 34. Rb1 Rd3 35. b6 Rf8 36. b7 1-0

[Event "Sitges Sunway op-A 11th"]
[Site "Sitges"]
[Date "2024.12.19"]
[Round "7"]
[White "Zheng, Harry Z"]
[Black "Velten, Paul"]
[Result "0-1"]
[WhiteElo "2248"]
[BlackElo "2501"]
[PlyCount "108"]
[EventDate "2024.12.12"]
[EventType "swiss"]
[EventRounds "10"]
[EventCountry "ESP"]
[SourceTitle "CB52_2024"]
[SourceDate "2024.12.25"]
[SourceVersion "1"]
[SourceVersionDate "2024.12.25"]
[SourceQuality "1"]

1. e4 c5 2. Nf3 d6 3. d4 cxd4 4. Nxd4 Nf6 5. Nc3 a6 6. Be3 e5 7. Nf3 Nc6 8. Bc4 Be6 9. Bb3 Na5 10. 0-0 Nxb3 11. axb3 Be7 12. Bg5 0-0 13. Bxf6 Bxf6 14. Nd5 Be7 15. Qd2 Re8 16. Rfd1 Bf8 17. c4 Bd7 18. Qe3 Bc6 19. Rd2 Rb8 20. Rad1 Qc8 21. Nh4 Re6 22. Nf5 g6 23. Qg5 Kh8 24. Nfe3 a5 25. c5 dxc5 26. Nc4 f6 27. Qg4 Bh6 28. Rd3 Bb5 29. Rh3 Bg5 30. g3 Ra6 31. Qxc8+ Rxc8 32. f4 Bd7 33. fxg5 Bxh3 34. gxf6 Be6 35. Ndb6 Rf8 36. Nd5 Bxd5 37. exd5 Raxf6 38. Nxa5 b6 39. Nc4 e4 40. d6 b5 41. Ne5 e3 42. Kg2 Rf2+ 43. Kh3 Rd2 44. Re1 e2 45. d7 Kg7 46. Nc6 Rxd7 47. Rxe2 Rc7 48. Ne7 Re8 49. Nf5+ Kf8 50. Rxe8+ Kxe8 51. Nd6+ Kd7 52. Nxb5 Rb7 53. Nc3 Rxb3 54. Ne4 Kc6 0-1